=LDR 00000nam 2200000 4500 =001 NUTBA000000000005483 =005 20141031094743.0 =006 =007 =008 =035 ##$$a 0010-101400000000713 =040 ##$$a NBPDMAT =082 ##$$a 372.5 =090 ##$$a 372.5 Pat L =100 ##$$a Fatmawati =245 ##$$a LKS Utama seni budaya untuk SMP dan MTS kelas 9 semester I$cFatmawati =250 ##$$a Cet. 1 =260 ##$$a Jakarta$bWidya Utama$c2007 =300 ##$$a 64 hlm$bilus$c29 cm =650 ##$$a Seni dan Budaya SMP-Soal dan Latihan =850 ##$$a NBPDMAT